| 000 | 00835nmc a2200289 a 4500 | ||
|---|---|---|---|
| 003 | AR-BaBNM | ||
| 005 | 20251128204933.0 | ||
| 008 | 196019s1993 ||||||||||||||000 | spa|| | ||
| 020 | _a950-16-6114-8 | ||
| 040 | _cAR-BaBNM | ||
| 100 | 1 | _aCosta, Pablo | |
| 245 | 1 | 0 |
_aEstudiante se hace, no se nace _btaller para estudiar mejor |
| 250 | _a1ª ed. | ||
| 260 |
_aBuenos Aires _bTroquel _c1993 |
||
| 300 | 0 |
_a74 p. _bil. |
|
| 490 | 0 | _aCuadernos taller | |
| 500 | 0 | _aCon notas y actividades de Cora Céspedes | |
| 500 | 0 | _aIlustraciones Julia Mugaburu | |
| 650 | 4 | _aMETODOS DE ESTUDIO | |
| 650 | 4 | _aDINAMICA DE GRUPO | |
| 650 | 4 | _aTRABAJO EN GRUPO [METODO DE ENSENANZA] | |
| 650 | 4 | _aTECNICAS DIDACTICAS | |
| 650 | 4 | _aTALLERES [METODO PEDAGOGICO] | |
| 650 | 4 | _aACTIVIDADES DE APRENDIZAJE | |
| 942 | _cBK | ||
| 998 | _cGrace | ||
| 999 |
_c9402 _d9402 |
||